Online
Catalog

Reglamento no. 824 :/ : (Record no. 48557)

MARC details
000 -CABECERA
campo de control de longitud fija 01128nam a2200241 a 4500
001 - NÚMERO DE CONTROL
campo de control 000049069
005 - FECHA Y HORA DE LA ÚLTIMA TRANSACCIÓN
campo de control 20201002061629.0
008 - DATOS DE LONGITUD FIJA--INFORMACIÓN GENERAL
campo de control de longitud fija 090909t2004 dr 001 0 spa d
040 ## - FUENTE DE LA CATALOGACIÓN
Centro catalogador/agencia de origen DO-SdBNP
Lengua de catalogación spa
Centro/agencia transcriptor BNPHU
082 ## - NÚMERO DE LA CLASIFICACIÓN DECIMAL DEWEY
Número de clasificación 384.54097293
Número de documento/Ítem R426r
110 2# - ENTRADA PRINCIPAL--NOMBRE DE ENTIDAD CORPORATIVA
Nombre de entidad corporativa o nombre de jurisdicción como elemento de entrada República Dominicana
9 (RLIN) 447
240 #0 - TÍTULO UNIFORME
Título uniforme [Reglamento]
245 13 - MENCIÓN DE TÍTULO
Título Reglamento no. 824 :/ :
Resto del título para el funsionamiento de la Comisión Nacional de Espéctaculos Públicos y Radiofonía. Decreto No. 4306 que introduce modificaciones en el reglamento no. 824, del 25 marzo de 1971 /.
246 13 - FORMA VARIANTE DE TÍTULO
Título propio/Titulo breve Ley no. 6132 de expresión y difusión del pensamiento
260 ## - PUBLICACIÓN, DISTRIBUCIÓN, ETC.
Lugar de publicación, distribución, etc. Santo Domingo, República Dominicana :
Nombre del editor, distribuidor, etc. Secretaría de Estado de Cultura,
Fecha de publicación, distribución, etc. 2004.
300 ## - DESCRIPCIÓN FÍSICA
Extensión 67 p. ;
Dimensiones 24 cm.
590 ## - NOTA LOCAL (RLIN)
Nota local Inventariado, 2018/VM
650 #4 - PUNTO DE ACCESO ADICIONAL DE MATERIA--TÉRMINO DE MATERIA
Término de materia o nombre geográfico como elemento de entrada Radiodifusión
Subdivisión general Historia
Subdivisión geográfica República Dominicana
9 (RLIN) 21012
650 #4 - PUNTO DE ACCESO ADICIONAL DE MATERIA--TÉRMINO DE MATERIA
Término de materia o nombre geográfico como elemento de entrada Radioemisoras
Subdivisión geográfica República Dominicana
9 (RLIN) 21013
650 #4 - PUNTO DE ACCESO ADICIONAL DE MATERIA--TÉRMINO DE MATERIA
Término de materia o nombre geográfico como elemento de entrada Política de radiodifusión
Subdivisión geográfica República Dominicana
9 (RLIN) 21014
650 #4 - PUNTO DE ACCESO ADICIONAL DE MATERIA--TÉRMINO DE MATERIA
Término de materia o nombre geográfico como elemento de entrada Programas de radio
Subdivisión geográfica República Dominicana
9 (RLIN) 21015
650 #4 - PUNTO DE ACCESO ADICIONAL DE MATERIA--TÉRMINO DE MATERIA
Término de materia o nombre geográfico como elemento de entrada Medios de comunicación de masas
Subdivisión general Historia
-- República dominicana
9 (RLIN) 21016
Holdings
Estado de retiro Estado de pérdida No para préstamo Código de colección Localización permanente Ubicación/localización actual Ubicación en estantería Fecha de adquisición Número de inventario Total de préstamos Signatura topográfica completa Código de barras Fecha visto por última vez Precio válido a partir de Tipo de ítem Koha
    Excluido de préstamo Patrimonio Dominicano Patrimonio Dominicano Patrimonio Dominicano Depósito 17.07.2019 LF1   384.54097293 R426r 49070-10 25.06.2020 25.06.2020 Libro y Folleto Colección Patrimonio Dominicano

Powered by Koha